| 000 | 00450nam a2200169Ia 4500 | ||
|---|---|---|---|
| 008 | 131103s9999 xx 000 0 und d | ||
| 040 | _aLoreto College | ||
| 041 | _aEnglish | ||
| 082 |
_a891.62/MUR _bLCLIB/14647 |
||
| 100 | _aMurphy,Gerard | ||
| 245 |
_aSaga and myth in Ancient Ireland _cGerard Murphy |
||
| 260 |
_aDublin _bColm O Lochlainn _c1961 |
||
| 300 |
_a64 p. _c 18 cm. |
||
| 650 | _aIrish Literature | ||
| 850 | _aLCLIB | ||
| 942 | _cBK | ||
| 999 |
_c13556 _d64035 |
||